Guess the song by the lyrics - Statistics

General Stats
  • This quiz has been taken 11 times
  • The average score is 10 of 25
Answer Stats
Lyrics Answer % Correct
Modu uril chyeodabwa (Bwaaa) HOT - Seventeen
86%
Bass kick swingin' like I’m Bruce Lee Kick It - NCT 127
71%
I don't wanna go, go back againLet's go, let's go, let's go Run BTS - BTS
71%
Ooh, nae doneul deo sseoChingudeul, what's up? Do you want some? (Want some?) Go go - BTS
57%
Hansimhaеtdeon naldeulbodaWatch, watch, gotta watch, watch me, yeah Good Boy, Gone Bad - TXT
57%
Oh, naegero wa mangseorijimaNeon maehokjeogin naui universe Love me right - EXO
57%
Urin cham byeollago isanghan saiyaSeororeul buseojige (Buseojige) Psycho - Red Velvet
57%
We gon get it pop it We gon we gon get it pop it Rhythm ta - iKon
57%
Nal mitgoseo nal deonjyeosseoHajiman wae hwipsseulligo isseulkka Side Effects - Stray Kids
57%
Uril bwa uri chumeul bwa, wow The Real - Ateez
57%
Hamkke oechyeoMeon husnal meon husnari wanryodoel geu sungan Future Perfect (Pass the MIC) - Enhypen
43%
Put your hands in the air, let me see you bounceTo the left, to the right, sijag doeneun round Jopping - SuperM
43%
Ooh-ooh-ooh, eeh!Sangsangdo mothan black out Yuhogeun gipgo jinhae (Too hot, too hot) Next Level - aespa
43%
BabyNegae banhae beorin naegae wae irae Ring Ding Dong - Shinee
43%
Naneun mworalkka eumAju oraejeonbuteo neoreul eum Jo jo joahaesseotdago neu-eu-eul Shine - Pentagon
43%
Uh 1 2 3 & 4 ni yeopui ttan nomdeuri geoseullyeo jom Energetic - Wanna One
29%
Ajik nan neol itji motagoModeun geol da mitji motago Fiction - Beast
29%
Nan oneuldo hal il hae hadeukaerihae Hard Carry - Got7
29%
Gwaenchanketji mwol haedoChakan eolgure ne mal jal deureul ttaen Eve, Psyche & The Bluebeard’s wife - Le Sserafim
14%
You're the one, gidaryeowasseoBarabolsurok areumdawo You're the sun, garil su eopseo Du nuni meoreodo JIKJIN - TREASURE
14%
Shiksanghamdeuleun maeil nal jichige haeLet’s just keep You and I F.R.E.S.H Lollipop - 2ne1, BIGBANG
14%
Jeogi jyaega maeume deureo Pop it up burn it up jeomjeomjeomHey you guys gati nollae gugyeong geumanhago joinhae Shall we dance - Block B
14%
Uri duri yarikkuri murimuri OhGeuriwo neoui mom Fiancé - MINO
0%
Show me your wayEoneu teume jaranan ikkeullim Love Me Like This - NMIXX
0%
Baby, babyDallyeodeul geotman gatchi, come in Oh my god - (G)-IDLE
0%
No matching quizzes found
Score Distribution
Percent of People with Each Score
Percentile by Number Answered
Your Score History
You have not taken this quiz